Korea : a walk through the land of miracles /

Bibliographic Details
Main Author: Winchester, Simon
Format: Book
Language:English
Published: New York : Prentice Hall Press, [1988]
Edition:1st ed.
Subjects:

MARC

Tag First Indicator Second Indicator Subfields
LEADER 00000cam a2200000 a 4500
001 in00000025784
005 20151007054455.0
008 870917s1988 nyuaf b 00110aeng
010 |a  87027133  
020 |a 0135166268 :  |c $17.95 
035 |a (OCoLC)16900797 
035 |9 AAB5166AM 
040 |a DLC  |c DLC  |d TXA  |d UtOrBLW 
043 |a a-ko--- 
049 |a TXAM  |c [A11503814] 
050 0 0 |a DS902.4  |b .W56 1988 
082 0 |a 915.19/0443  |2 19 
100 1 |a Winchester, Simon. 
245 1 0 |a Korea :  |b a walk through the land of miracles /  |c Simon Winchester ; illustrations by Ko Seouk-young. 
250 |a 1st ed. 
264 1 |a New York :  |b Prentice Hall Press,  |c [1988] 
264 4 |c ©1988 
300 |a xv, 240 pages, 8 unnumbered pages of plates :  |b illustrations ;  |c 25 cm. 
336 |a text  |b txt  |2 rdacontent 
337 |a unmediated  |b n  |2 rdamedia 
338 |a volume  |b nc  |2 rdacarrier 
504 |a Bibliography: pages 231-233. 
500 |a Includes index. 
651 0 |a Korea (South)  |x Description and travel. 
600 1 0 |a Winchester, Simon  |x Travel  |z Korea (South) 
999 |a MARS 
999 f f |s 51a6bb6b-3874-3334-8a1e-04c4e2d4c469  |i b6c1b1fe-e601-35bd-9ee2-18b19fa98b1b  |t 0 
952 f f |p ric  |a Texas A&M University  |b Rellis Campus  |c Joint Library Facility  |d Remote Storage  |t 0  |e DS902.4 .W56 1988  |h Library of Congress classification  |i unmediated -- volume  |m A14811503814 
998 f f |a DS902.4 .W56 1988  |t 0  |l Remote Storage